000 00222nam a22000977a 4500
999 _c15782
_d15782
003 OSt
008 191019b ||||| |||| 00| 0 eng d
100 _aNehru ,Jawaharlal .
_94307
245 _aIndia innum naalayam
942 _cBK